Φορτώνει......
Aagoleekaranakalathe vidhyabhyasam oru idathupaksha sameepanam /
| Κύριος συγγραφέας: | |
|---|---|
| Μορφή: | Printed Book |
| Έκδοση: |
Thiruvananthapuram :
Sign books,
2007.
|
| LEADER | 00426nam a22001097a 4500 | ||
|---|---|---|---|
| 082 | |a 370 |b BAB.A | ||
| 100 | |a Baby, M A | ||
| 245 | |a Aagoleekaranakalathe vidhyabhyasam oru idathupaksha sameepanam / |c by M A Baby | ||
| 260 | |a Thiruvananthapuram : |b Sign books, |c 2007. | ||
| 942 | |c BK | ||
| 999 | |c 316058 |d 316058 | ||
| 952 | |0 0 |1 0 |4 0 |6 370_000000000000000_BAB_A |7 0 |8 MAL |9 338054 |a POL |b POL |c GEN |d 2020-12-02 |l 0 |o 370 BAB.A |p POL17733 |r 2020-12-02 |w 2020-12-02 |y BK | ||